[Event "It"]
[Site "?"]
[Date "1996.??.??"]
[Round "1"]
[White "Kasparov Garry"]
[Black "Kamsky Gata"]
[Result "1/2-1/2"]
[WhiteElo "2775"]
[BlackElo "2735"]
[PlyCount "23"]
[EventDate "1996.??.??"]
[Source "www.chesslib.no"]
[SourceDate "2004.05.04"]

1. e4 e5 2. Nf3 Nc6 3. Bb5 a6 4. Ba4 Nf6 5. O-O Be7 6. Re1 b5 7. Bb3 O-O 8. h3 Bb7 9. d3 d6 10. a3 Kh8 11. Nc3 Qd7 12. d4 1/2-1/2

[Event "Amber-blind 13th"]
[Site "Monaco"]
[Date "2004.03.30"]
[Round "9"]
[White "Anand, Viswanathan"]
[Black "Shirov, Alexei"]
[Result "1/2-1/2"]
[WhiteElo "2766"]
[BlackElo "2736"]
[PlyCount "41"]
[EventDate "2004.03.20"]
[Source "ChessBase"]
[SourceDate "2004.05.04"]

1. e4 e5 2. Nf3 Nc6 3. Bb5 a6 4. Ba4 Nf6 5. O-O Be7 6. Re1 b5 7. Bb3 O-O 8. a4 b4 9. d3 d6 10. a5 Be6 11. Nbd2 h6 12. Nc4 Rb8 13. h3 Qc8 14. Be3 Rd8 15. Qe2 Bf8 16. Red1 Ne7 17. Nfd2 Ng6 18. d4 exd4 19. Bxd4 Nh7 20. Be3 d5 21. exd5 1/2-1/2

[Event "Wijk aan Zee (Netherlands)"]
[Site "?"]
[Date "2004.??.??"]
[Round "1"]
[White "Topalov Veselin"]
[Black "Adams Michael"]
[Result "1/2-1/2"]
[WhiteElo "2757"]
[BlackElo "2740"]
[PlyCount "57"]
[EventDate "2004.??.??"]
[Source "www.chesslib.no"]
[SourceDate "2004.05.04"]

1. e4 e5 2. Nf3 Nc6 3. Bb5 a6 4. Ba4 Nf6 5. O-O Be7 6. Re1 b5 7. Bb3 O-O 8. a4 Bb7 9. d3 d6 10. Nbd2 Qd7 11. c3 Rfe8 12. Nf1 h6 13. Ng3 Na5 14. Bd2 g5 15. Be6 c6 16. Qe2 c5 17. axb5 axb5 18. Bb3 c4 19. Bc2 Nxe4 20. d4 Bf8 21. d5 Qc7 22. h3 Be7 23. Ra2 Reb8 24. Rea1 Qd8 25. Nf5 Rc8 26. Bxe4 Rc5 27. Qd1 h5 28. h4 Ra7 29. Kf1 1/2-1/2

[Event "RUS"]
[Site "?"]
[Date "2006.04.23"]
[Round "4"]
[White "Ponomariov Ruslan"]
[Black "Aronian Levon"]
[Result "1/2-1/2"]
[WhiteElo "2738"]
[BlackElo "2756"]
[PlyCount "46"]
[EventDate "2006.??.??"]
[Source "www.chesslib.no"]
[SourceDate "2004.05.04"]

1. e4 e5 2. Nf3 Nc6 3. Bb5 a6 4. Ba4 Nf6 5. O-O Be7 6. Re1 b5 7. Bb3 O-O 8. h3 Bb7 9. d3 d6 10. a3 Na5 11. Ba2 c5 12. Nc3 Nc6 13. Nh2 Nd4 14. Bg5 Nd7 15. Bxe7 Qxe7 16. Nd5 Qg5 17. c3 Ne6 18. Nf3 Qd8 19. a4 Nf6 20. Ne3 Qd7 21. Bxe6 Qxe6 22. b3 g6 23. axb5 axb5 1/2-1/2

[Event "Mondiale 2007"]
[Site "Città del Messico MES"]
[Date "2007.09.15"]
[Round "3"]
[White "Grischuk, Alexander"]
[Black "Aronian, Levon"]
[Result "1/2-1/2"]
[WhiteElo "2726"]
[BlackElo "2750"]
[PlyCount "61"]
[EventDate "2007.09.13"]
[Source "www.chesslib.no"]
[SourceDate "2004.05.04"]

1. e4 e5 2. Nf3 Nc6 3. Bb5 a6 4. Ba4 Nf6 5. O-O Be7 6. Re1 b5 7. Bb3 O-O 8. h3 Bb7 9. d3 d5 10. exd5 Nxd5 11. c3 Bf6 12. Nbd2 Nf4 13. Ne4 Nxd3 14. Nxf6+ gxf6 15. Re4 Nxc1 16. Rg4+ Kh8 17. Qxc1 Ne7 18. Bc2 Rg8 19. Qh6 Ng6 20. Nh4 Qf8 21. Qh5 Qe8 22. Re1 Rd8 23. Bf5 Bc8 24. Bxc8 Rxc8 25. Nf5 Qd7 26. Ree4 Rcd8 27. Kh2 Qd1 28. Nh6 Rg7 29. Nf5 Rgg8 30. Nh6 Rg7 31. Nf5 1/2-1/2